header

Kierkegaard's philosophy of becoming (Record no. 85598)

MARC details
000 -LEADER
fixed length control field 01412nam a2200349Ia 4500
082 04 - DEWEY DECIMAL CLASSIFICATION NUMBER
Classification number 198/.9
100 1# - MAIN ENTRY--AUTHOR NAME
Personal name Carlisle, Clare,
245 10 - TITLE STATEMENT
Title Kierkegaard's philosophy of becoming
260 ## - PUBLICATION, DISTRIBUTION, ETC. (IMPRINT)
Place of publication Albany :
Name of publisher State University of New York Press,
Year of publication c2005.
300 ## - PHYSICAL DESCRIPTION
Number of Pages xi, 173 p.
490 1# - SERIES STATEMENT
Series statement SUNY series in theology and continental thought
650 #0 - SUBJECT ADDED ENTRY--TOPICAL TERM
Topical Term Religion
856 40 - ELECTRONIC LOCATION AND ACCESS
Uniform Resource Identifier http://site.ebrary.com/lib/rucke/Doc?id=10579047

No items available.

© 2026 Rongo University
Contact us: librarian | system librarian | Rongo university